000 00432nam a22001697a 4500
003 UA-OsUOA
001 5363
007 ta
008 20050721b un ||||| |||| 00| 0 ukr d
100 _aМуль
700 _aТ. О.
942 _cBK
040 _aUA-OsUOA
_cUA-OsUOA
_dUA-OsUOA
245 _aЕфективність використ. навч.-методичного комплексу
_bSA Paper
955 _a2
650 7 _2UDC
999 _c291525
_d291525